000 00454nam a2200181Ia 4500
001 10717
005 20260306161852.0
008 260306t1964||||xx |||||||||||||| ||spa||
041 _aESP
082 _a946.092
_bB17
100 _aBallesteros Gaibrois, Manuel
_eAUT
245 0 _aIsabel de Castilla, reina católica de España
260 _c1964
300 _a275 páginas :
_c24 cm.
650 _aGEN
654 _aCHU
942 _cLIB
_dJUS
_fJUS
_2ddc
_n
999 _c10717
_d10717